| 000 | 00708nam a2200217Ii 4500 | ||
|---|---|---|---|
| 003 | JO-AjNU | ||
| 008 | 230605s9999||||xx |||||||||||||| ||und|| | ||
| 017 | _a1993/7670 | ||
| 020 | _a977-274-028-1 | ||
| 040 |
_aJO-AjNU _bara _erda _cJO-AjNU |
||
| 041 | _aara | ||
| 050 | 1 | 4 | _aPJ7542.S9.Y87 1993 |
| 100 | 3 |
_aكبرى، نجم الدين؛ تحقيق يوسف زيدان, _eauthor _940183 |
|
| 245 | 0 | 0 | _aفوائح الجمال وفواتح الجلال |
| 264 | 3 | 1 | _aالكويت: دار سعاد الصباح، 1993 |
| 300 | _a300ص | ||
| 336 |
_atext _btxt _2rdacontent |
||
| 337 |
_aunmediated _bn _2rdamedia |
||
| 338 |
_avolume _bnc _2rdacarrier |
||
| 650 | 4 |
_aالتصوف الاسلامي _940184 |
|
| 999 |
_aA17031 _c20599 _d20599 |
||